| 000 | 00544nam a22001937a 4500 | ||
|---|---|---|---|
| 999 |
_c6599 _d6599 |
||
| 003 | GBCCL | ||
| 005 | 20241126110606.0 | ||
| 008 | 180521b ||||| |||| 00| 0 eng d | ||
| 020 | _a0852131402 | ||
| 040 | _cgbc | ||
| 082 |
_a220.61 _bDAL |
||
| 100 |
_aDale, AlanT. _911810 |
||
| 245 |
_aMaking sense of our world: _bA guide to reading the Bible / _cAlan T. Dale |
||
| 260 |
_bDenholm House, _aSurrey: _c1975 |
||
| 300 |
_a128 p.; _bill., _c18 cm. |
||
| 650 |
_aBible _xReading _911811 |
||
| 650 |
_aBible _xIntroductions _911812 |
||
| 942 |
_2ddc _cBK |
||